Statistics for Come Alive - Lyrics

Click here to take the quiz!

General Stats

  • This quiz has been taken 56 times
    (54 since last reset)
  • The average score is 52 of 72

Answer Stats

Answer% Correct
But you can flip the {switch} and
90%
Got your head {hung} low
90%
Reaching up to the {sky}
90%
Brighten up your {darkest} day
85%
Cause we're dreaming with our {eyes} wide open
85%
Cause you're dreaming with your {eyes} wide open
85%
Cause you're just a {dead} man walking
85%
Come {alive}, come {alive}
85%
Come {on}
85%
Go and {light} your {light}
85%
I see it in your {eyes}
85%
{Reaching} up to the sky
85%
{So} come alive!
85%
{So} come alive!
85%
You {believe} that lie
85%
You {stumble} through your days
85%
{Afraid} to step outside
80%
And it's open {wide}
80%
And the world becomes a {fantasy}
80%
And we know we can't go back {again}
80%
And you're {more} than you could ever be
80%
Cause we're {dreaming} with our eyes wide open
80%
Cause we're dreaming with our eyes {wide} open
80%
Cause you're dreaming with your eyes {wide} open
80%
Cause you're {dreaming} with your eyes wide open
80%
Let it {burn} so bright
80%
That you need to {hide} your face
80%
Thinking that's your only {option}
80%
To the world that we've been {living} in
80%
You're {electrified}
80%
But don't you {stay} that way
75%
{Come} alive, {come} alive
75%
Let it burn so { bright }
75%
Like a {zombie} in a maze
75%
Oh you'll {never}, {never} be the same
75%
So you {lock} the door
75%
You'll {never} be the same
75%
And it's {open} wide
70%
And the {world} becomes a fantasy
70%
And we {know} we can't go back again
70%
And {you're} more than you could ever be
70%
And you're more than you {could} ever be
70%
Break {free}!
70%
Cause {once} you see it
70%
Go and light {your} light
70%
No more living in those {shadows}
70%
Take the world and {redefine} it
70%
You and me we know how that {goes}
70%
{You're} electrified
70%
And the world {becomes} a fantasy
65%
And we know we can't go {back} again
65%
Come {in}
65%
Come {one}
65%
Come {one}
65%
Sun is up and the colour's {blinding}
65%
To the world {that} we've been living in
65%
To the world {that} we've been living in
65%
You're {asleep} inside
65%
Your {sky's} a shade of grey
65%
{Come alive!}
60%
To anyone who's {searching} for a way to break free
60%
Come {all}
55%
Come {all}
55%
The {call}
55%
To anyone who's {bursting} with a dream
55%
You {hear}
55%
But you can {shake} away
50%
You can {prove} there's more to you
50%
Leave behind your {narrow} mind
45%
You {cannot} be afraid
45%
{Bottle} up and keep on shining
40%
We'll be the light that's {turning}
15%

Score Distribution

Percentile by Number Answered

Percent of People with Each Score

Your Score History

You have not taken this quiz since the last reset